01595nam a2200301Ia 450000500170000000800410001702000190005808200170007710000310009424501280012525000190025330000600027249000230033250502450035565000450060065000330064570000370067870000330071574002330074894200120098126400310099333600270102433700330105133800280108404000350111299900150114795201310116220220317001123.0160825s2001 ck a g 000 0 spa  a9789582003601204a398.26bT63r1 aTriana Nova, Betty María10aRaíces, mitos, relatos y leyendascBety María Triana Nova, Néstor Rafael Mendoza ; ilustraciones Luis Aurelio Durán a1a. edición  a112 páginas bilustraciones en blanco y negroc19 cm  aMontaña mágica aLos Desana - Los U´ wa -- Los Múrai - Muinane -- Los Wayúu -- Los Emberá -- Los Ufaina -- Los Yucuna-Matapí -- Los Barí -- Los Guahibos y los Piapoco -- El Kaliawirinae -- Kuemainu -- Tsikiriri -- Kajuyali -- Kekereto -- Juameto 142LEMBaMitología Indígena zColombia 142LEMB aLeyendas colombianas 1 aMendoza, Néstor Rafael 9663751 aDurán, Luis Aurelio96637642aLos Desana aLos U´ wa aLos Múrai - Muinane aLos Emberá aLos Wayúu aLos Ufaina aLos Yucuna-Matapí aLos Barí aLos Guahibos y los Piapoco aEl Kaliawirinae aKuemainu aTsikiriri aKekereto aJuameto aEeri-Keeri 2ddccBK aBogotábMagisterioc2001 atextobtxt2rdacontent asin mediaciónbn2rdamedia avolumenbnc2rdacarrier aCO-BoRNBPbspaerdacCO-BoRNBP c5982d5982 00102ddc40708GENaMEPRICObMEPRICOcGENd2023-01-18l0o398.28T63rpPR000000309r2023-01-18 00:00:00tEj.1w2023-01-18yBK